Quick Pick: Famous Siblings Quiz Stats

 Plays Quiz Updated Jul 21, 2017

Support Sporcle.
Go Orange.
Score 0/16 Timer 01:00
3 Plays Today
% Correct
Williams
91.7%
Jackson
90.3%
Olsen
89.2%
Baldwin
88%
Smith
85.5%
Marx
83.1%
Wright
82.7%
Brontë
82.5%
% Correct
Arquette
78.5%
Kennedy
77.8%
Gibb
72.8%
Gershwin
71%
Coen
68.7%
Tudor
63.7%
Wilson
59.2%
Grimm
58.8%

Today's Daily Dose

You're not logged in!

Compare scores with friends on all Sporcle quizzes.
OR
Log In
Forgot?

From the Vault

Weird & Wonderful Creatures in Film

by BigAl1994

You won't find these at the zoo.
Remove Ads.
Support Sporcle.
Get the best of Sporcle when you Go Orange. This ad-free experience offers more features, more stats, and more fun while also helping to support Sporcle. Thank you for becoming a member.

Show Comments

Extras

Top Quizzes Today


Score Distribution

Your Account Isn't Verified!

In order to create a playlist on Sporcle, you need to verify the email address you used during registration. Go to your Sporcle Settings to finish the process.

Report this User

Report this user for behavior that violates our Community Guidelines.

Details: